Normal view
MARC view
- Wand, Mitchell
Entry Personal Name
001 - CONTROL NUMBER
- control field: 97034
003 - CONTROL NUMBER IDENTIFIER
- control field: NUST
005 - DATE AND TIME OF LATEST TRANSACTION
- control field: 20220812154609.0
008 - FIXED-LENGTH DATA ELEMENTS
- fixed length control field: 220812|| aca||aabn | a|a d
040 ## - CATALOGING SOURCE
- Original cataloging agency: NUST
- Transcribing agency: NUST
100 ## - HEADING--PERSONAL NAME
- Personal name: Wand, Mitchell
670 ## - SOURCE DATA FOUND
- Source citation: Work cat.: (NUST)179122: Friedman, Daniel P. 97033, Essentials of programming languages /, 1992
